000 00946nam a2200445Ia 4500
001 11918
003 23371
005 20250227111356.0
008 ||||||n9999 ||| || ||
041 _aspa
082 _219
_a938.01
100 _aSchadewaldt, Wolfgang
_919841
245 0 _aLa actualidad de la antigua grecia
260 _aEspaña :
_bEditorial Alfa,
_c1981.
562 _e2
650 0 _aEDAD ANTIGUA
_919842
650 _aGRECIA
_91481
650 0 _aHistoria política
_91134
942 _cBKM
999 _c11918
_d11918
526 _a
526 _a17598
526 _a102617
526 _a102618
526 _a15794
526 _a102619
526 _a1703
526 _a102620
526 _a10406
526 _a105630
526 _a1698
526 _a116204
526 _a51868
526 _a4969
526 _a19790
526 _a104436
526 _a5144
526 _a1697
526 _a3899
526 _a9683